00904nam a2200241Ia 450000100060000000300090000600800410001504000130005604000130006904100130008210000260009510000290012124500880015024501120023825000110035026000110036126000310037226000490040330000570045250000890050965000330059865000310063192641IT-RoPAU130308s9999 xx 000 0 und d aIT-RoPAU cIT-RoPAU aSPAGNOLO aAlvarez Jesus Timoteo gCodice Aut. SPICS: 30867 aConceptos basicos para una codificacion de la historiadel periodismo o comunicacion bPrensa de los siglos XIX Y Xx (La)-Metodologia, Ideologia e Informacion. Aspectos Economicos Y Tecnologicos a1a ed. aBILBAO bUniversidad Del Pais Vasco c1986 [1° Ed.:1986 - Ed.Ling.Originale:1986] a"12 p. (prefazione: no ; testo: 12 [pagine: 21-32])" aConcetti basilari per una codificazione della Storia del Giornalismo o Comunicazione aSTORIA DELLA STAMPA DI MASSA eCodice materia Spics: 6658